[Event "Quito Cup CDP 1st"]
[Site "Quito"]
[Date "2003.10.23"]
[Round "10"]
[White "Guerra Tulcan, Lenin"]
[Black "Delgado Ramirez, Neuris"]
[Result "0-1"]
[WhiteElo "2076"]
[BlackElo "2530"]
[PlyCount "52"]
[EventDate "2003.10.14"]
[EventType "tourn"]
[EventRounds "11"]
[EventCountry "ECU"]
[EventCategory "5"]
[SourceTitle "EXT 2005"]
[Source "ChessBase"]
[SourceDate "2004.11.15"]
[SourceVersion "1"]
[SourceVersionDate "2004.11.15"]
[SourceQuality "1"]

1. e4 c5 2. Nf3 d6 3. d4 cxd4 4. Nxd4 Nf6 5. Nc3 Nc6 6. Be2 e5 7. Nb3 Be7 8.
Be3 Be6 9. O-O O-O 10. Bf3 a5 11. a4 Nb4 12. Qe2 Rc8 13. Rfd1 Qc7 14. Rac1 Bc4
15. Qd2 Rfd8 16. Nd5 Nfxd5 17. exd5 f5 18. Be2 f4 19. Ba7 {Diagrama [#]} Bxd5 (
19... Bxe2 20. Qxe2 Ra8 21. c3 Na6 $19) 20. c3 Bxb3 21. cxb4 Qd7 22. Bc4+ Rxc4
23. Qd5+ Kf8 24. Rxc4 b5 25. Rxf4+ exf4 26. Qxb3 Qxa7 0-1

[Event "Quito Cup CDP 1st"]
[Site "Quito"]
[Date "2003.10.24"]
[Round "11"]
[White "Delgado Ramirez, Neuris"]
[Black "Medina, Miguel"]
[Result "1/2-1/2"]
[WhiteElo "2530"]
[BlackElo "2474"]
[PlyCount "21"]
[EventDate "2003.10.14"]
[EventType "tourn"]
[EventRounds "11"]
[EventCountry "ECU"]
[EventCategory "5"]
[SourceTitle "EXT 2005"]
[Source "ChessBase"]
[SourceDate "2004.11.15"]
[SourceVersion "1"]
[SourceVersionDate "2004.11.15"]
[SourceQuality "1"]

1. e4 e6 2. d4 d5 3. Nd2 Nf6 4. e5 Nfd7 5. Ngf3 c5 6. c3 Nc6 7. Bd3 g6 8. O-O
Qb6 9. dxc5 Nxc5 10. Bc2 Bg7 11. Qe2 1/2-1/2

[Event "Santo Domingo op"]
[Site "Santo Domingo"]
[Date "2003.11.30"]
[Round "4"]
[White "Alekseev, Evgeny V"]
[Black "Delgado Ramirez, Neuris"]
[Result "1/2-1/2"]
[WhiteElo "2614"]
[BlackElo "2526"]
[PlyCount "79"]
[EventDate "2003.11.27"]
[EventType "swiss"]
[EventRounds "10"]
[EventCountry "DOM"]
[SourceTitle "CBM 097 Extra"]
[Source "ChessBase"]
[SourceDate "2004.01.13"]
[SourceVersion "1"]
[SourceVersionDate "2004.01.13"]
[SourceQuality "1"]

1. c4 e5 2. Nc3 Nc6 3. Nf3 Nf6 4. d3 Bb4 5. Bd2 O-O 6. e3 Re8 7. Be2 Bxc3 8.
Bxc3 d5 9. cxd5 Qxd5 10. O-O Bg4 11. Qc2 Rad8 12. Rfd1 Bh5 13. b4 Qd6 14. b5
Nb4 15. Qb3 Nbd5 16. Bb2 Qb6 17. Bc1 c5 18. Bb2 Qd6 19. Re1 Qb8 20. Rad1 h6 21.
h3 b6 22. a3 Rd7 23. Nd2 Bxe2 24. Rxe2 Re6 25. Nc4 Ne7 26. e4 Ng6 27. g3 Qd8
28. a4 Nh5 29. Re3 Qg5 30. Kh2 Qd8 31. Bc3 Nf6 32. Qb2 Qc7 33. a5 Ne8 34. Ra1
Qd8 35. Rd1 Nd6 36. Na3 Ne8 37. Nc4 Nd6 38. Na3 Ne8 39. Qb3 Red6 40. Qc4
1/2-1/2

[Event "Santo Domingo op"]
[Site "Santo Domingo"]
[Date "2003.12.01"]
[Round "6"]
[White "Delgado Ramirez, Neuris"]
[Black "Moiseenko, Alexander"]
[Result "1/2-1/2"]
[WhiteElo "2526"]
[BlackElo "2597"]
[PlyCount "44"]
[EventDate "2003.11.27"]
[EventType "swiss"]
[EventRounds "10"]
[EventCountry "DOM"]
[SourceTitle "CBM 097 Extra"]
[Source "ChessBase"]
[SourceDate "2004.01.13"]
[SourceVersion "1"]
[SourceVersionDate "2004.01.13"]
[SourceQuality "1"]

1. e4 c5 2. Nf3 Nc6 3. Bb5 e6 4. O-O Nge7 5. c3 a6 6. Be2 d5 7. exd5 exd5 8. d4
c4 9. Re1 g6 10. b3 cxb3 11. axb3 Bg7 12. Nbd2 O-O 13. Nf1 h6 14. Ng3 Nf5 15.
Bd3 Nxg3 16. hxg3 Bg4 17. Ba3 Re8 18. Rxe8+ Qxe8 19. Qc2 Rc8 20. Re1 Qd8 21.
Qb1 Qa5 22. Bb2 Bxf3 1/2-1/2

[Event "Santo Domingo op"]
[Site "Santo Domingo"]
[Date "2003.12.02"]
[Round "7"]
[White "Khenkin, Igor"]
[Black "Delgado Ramirez, Neuris"]
[Result "1/2-1/2"]
[WhiteElo "2624"]
[BlackElo "2526"]
[PlyCount "39"]
[EventDate "2003.11.27"]
[EventType "swiss"]
[EventRounds "10"]
[EventCountry "DOM"]
[SourceTitle "CBM 097 Extra"]
[Source "ChessBase"]
[SourceDate "2004.01.13"]
[SourceVersion "1"]
[SourceVersionDate "2004.01.13"]
[SourceQuality "1"]

1. d4 Nf6 2. c4 e6 3. Nc3 Bb4 4. f3 d5 5. a3 Bxc3+ 6. bxc3 c5 7. cxd5 Nxd5 8.
dxc5 Qa5 9. e4 Ne7 10. Be3 O-O 11. Qb3 Nd7 12. Nh3 Qc7 13. Qc4 e5 14. Nf2 Nf6
15. Rb1 Be6 16. Qb4 Rab8 17. Be2 Rfc8 18. O-O Nd7 19. Rfd1 h6 20. Bc4 1/2-1/2

[Event "Santo Domingo op"]
[Site "Santo Domingo"]
[Date "2003.12.03"]
[Round "8"]
[White "Burnett, Ronald"]
[Black "Delgado Ramirez, Neuris"]
[Result "0-1"]
[WhiteElo "2436"]
[BlackElo "2526"]
[PlyCount "66"]
[EventDate "2003.11.27"]
[EventType "swiss"]
[EventRounds "10"]
[EventCountry "DOM"]
[SourceTitle "CBM 097 Extra"]
[Source "ChessBase"]
[SourceDate "2004.01.13"]
[SourceVersion "1"]
[SourceVersionDate "2004.01.13"]
[SourceQuality "1"]

1. c4 e6 2. g3 d5 3. Bg2 Nf6 4. Nf3 dxc4 5. O-O Be7 6. Na3 Bxa3 7. Qa4+ Bd7 8.
Qxa3 Bc6 9. Qc3 O-O 10. Qxc4 Nbd7 11. Qc2 e5 12. b3 Re8 13. Bb2 Bd5 14. b4 a5
15. b5 a4 16. d3 e4 17. dxe4 Bxe4 18. Qc3 c5 19. bxc6 Bxc6 20. Rfe1 Qb6 21.
Rad1 Rac8 22. Qd4 Qa6 23. e3 b5 24. Nd2 Bxg2 25. Kxg2 Ne5 26. e4 Rcd8 27. Qc3
b4 28. Qc2 Nd3 29. Re3 Ng4 30. Rf3 Ndxf2 31. Rf1 Qe2 32. Qc7 Nd3+ 33. R1f2 Ne1+
0-1

[Event "Santo Domingo op"]
[Site "Santo Domingo"]
[Date "2003.12.04"]
[Round "9"]
[White "Delgado Ramirez, Neuris"]
[Black "Kiriakov, Petr"]
[Result "1/2-1/2"]
[WhiteElo "2530"]
[BlackElo "2555"]
[PlyCount "53"]
[EventDate "2003.11.27"]
[EventType "swiss"]
[EventRounds "10"]
[EventCountry "DOM"]
[SourceTitle "CBM 097 Extra"]
[Source "ChessBase"]
[SourceDate "2004.01.13"]
[SourceVersion "1"]
[SourceVersionDate "2004.01.13"]
[SourceQuality "1"]

1. e4 e6 2. d4 d5 3. Nd2 a6 4. Ngf3 c5 5. exd5 exd5 6. dxc5 Bxc5 7. Nb3 Bb6 8.
Qe2+ Qe7 9. Bg5 f6 10. Bf4 Nc6 11. Bd6 Qxe2+ 12. Bxe2 Nge7 13. Rd1 Bf5 14. c3
Bc2 15. Rd2 Bxb3 16. axb3 O-O-O 17. Bxe7 Nxe7 18. O-O Rd6 19. Rfd1 Rhd8 20. b4
Nc6 21. b5 axb5 22. Bxb5 Kc7 23. Kf1 g6 24. h3 Ba7 25. Ra1 Bb6 26. Rad1 Ba7 27.
Ra1 1/2-1/2

[Event "Santo Domingo op"]
[Site "Santo Domingo"]
[Date "2003.12.05"]
[Round "10"]
[White "Delgado Ramirez, Neuris"]
[Black "Stefansson, Hannes"]
[Result "1-0"]
[WhiteElo "2526"]
[BlackElo "2569"]
[PlyCount "101"]
[EventDate "2003.11.27"]
[EventType "swiss"]
[EventRounds "10"]
[EventCountry "DOM"]
[SourceTitle "CBM 097 Extra"]
[Source "ChessBase"]
[SourceDate "2004.01.13"]
[SourceVersion "1"]
[SourceVersionDate "2004.01.13"]
[SourceQuality "1"]

1. e4 c5 2. Nf3 e6 3. b3 b6 4. Bd3 d6 5. O-O Bb7 6. Re1 Nf6 7. Bb2 Be7 8. Bb5+
Bc6 9. c4 Bxb5 10. cxb5 e5 11. b4 cxb4 12. d4 exd4 13. Nxd4 O-O 14. Nf5 Nbd7
15. Qd4 Nc5 16. Nd2 Na4 17. Qxb4 Nxb2 18. Qxb2 Re8 19. Nd4 Nd7 20. Nc6 Qc7 21.
Rac1 Nc5 22. Qc2 a6 23. a4 Bg5 24. Rcd1 axb5 25. axb5 Bxd2 26. Qxd2 Nxe4 27.
Qd4 Nf6 28. g3 d5 29. Ra1 Rxa1 30. Rxa1 h5 31. Kg2 Qd7 32. Ra7 Qe6 33. Rb7 Qe2
34. Qf4 d4 35. Nxd4 Qc4 36. Qc7 Qd5+ 37. Nf3 Re2 38. Qc6 Qf5 39. Qc4 Re6 40.
Qc8+ Kh7 41. Rxf7 Qd5 42. Qxe6 Qxe6 43. Ng5+ Kg6 44. Rxg7+ Kxg7 45. Nxe6+ Kf7
46. Nc7 Ke7 47. Na8 Nd5 48. Kh3 Kd6 49. Kh4 Kc5 50. Kxh5 Kxb5 51. Kg6 1-0

[Event "Pan American-chT"]
[Site "Rio de Janeiro"]
[Date "2003.12.14"]
[Round "1"]
[White "Delgado Ramirez, Neuris"]
[Black "Pazos Gambarrotti, Plinio"]
[Result "1-0"]
[WhiteElo "2541"]
[BlackElo "2381"]
[PlyCount "127"]
[EventDate "2003.12.13"]
[EventType "team"]
[EventRounds "5"]
[EventCountry "BRA"]
[SourceTitle "CBM 097 Extra"]
[Source "ChessBase"]
[SourceDate "2004.01.13"]
[SourceVersion "1"]
[SourceVersionDate "2004.01.13"]
[SourceQuality "1"]

1. e4 e6 2. d4 d5 3. Nd2 c5 4. Ngf3 cxd4 5. Nxd4 Nc6 6. Bb5 Bd7 7. Nxc6 Bxc6 8.
Bxc6+ bxc6 9. c4 Qa5 10. O-O Nf6 11. Qc2 Qa6 12. b3 Be7 13. Bb2 O-O 14. Rae1
Rfd8 15. e5 Ne8 16. Re3 g6 17. Nf3 Rab8 18. c5 Rb5 19. Bd4 Ng7 20. g4 Qa3 21.
h3 h5 22. Rb1 hxg4 23. hxg4 Rxc5 24. Bxc5 Bxc5 25. Rd3 Qb4 26. Nh2 Bb6 27. Qe2
Rf8 28. Rf3 Bc7 29. Kh1 Qd4 30. Re1 f6 31. exf6 Rxf6 32. Rd1 Qe5 33. Qxe5 Bxe5
34. Rc1 Bf4 35. Rxc6 g5 36. Kg2 Ne8 37. Nf1 e5 38. Rc8 Rf8 39. Rh3 d4 40. Ng3
Nf6 41. Rh8+ Kxh8 42. Rxf8+ Kg7 43. Rd8 Nxg4 44. Ne4 Kg6 45. Kf3 Nh2+ 46. Ke2
Kf5 47. Kd3 Nf3 48. Rf8+ Ke6 49. Rf6+ Ke7 50. Ra6 Ne1+ 51. Ke2 Nc2 52. Rxa7+
Ke6 53. Ra6+ Kd5 54. Nf6+ Kc5 55. a3 Na1 56. Ra5+ Kb6 57. b4 Nb3 58. Rd5 g4 59.
a4 Nc1+ 60. Kf1 Na2 61. a5+ Ka6 62. Rd6+ Ka7 63. b5 Nc3 64. Rd7+ 1-0

[Event "Pan American-chT"]
[Site "Rio de Janeiro"]
[Date "2003.12.17"]
[Round "4"]
[White "Braga, Cicero Nogueira"]
[Black "Delgado Ramirez, Neuris"]
[Result "1/2-1/2"]
[WhiteElo "2426"]
[BlackElo "2541"]
[PlyCount "84"]
[EventDate "2003.12.13"]
[EventType "team"]
[EventRounds "5"]
[EventCountry "BRA"]
[SourceTitle "CBM 097 Extra"]
[Source "ChessBase"]
[SourceDate "2004.01.13"]
[SourceVersion "1"]
[SourceVersionDate "2004.01.13"]
[SourceQuality "1"]

1. g3 e5 2. c4 Nf6 3. Bg2 c6 4. d4 e4 5. Nc3 d5 6. cxd5 cxd5 7. Bg5 Nbd7 8. f3
Qb6 9. Qd2 Bb4 10. Nh3 O-O 11. O-O Re8 12. a3 Bxc3 13. Qxc3 h6 14. Bf4 Nf8 15.
Nf2 Ng6 16. Bc7 Qa6 17. Rfe1 Bd7 18. Qa5 Qxa5 19. Bxa5 Bb5 20. Rac1 h5 21. b3
h4 22. a4 Bc6 23. Bh3 exf3 24. exf3 Rxe1+ 25. Rxe1 Bd7 26. Bxd7 Nxd7 27. Rc1 b6
28. Rc7 Nf6 29. Bb4 a5 30. Bd2 Re8 31. Kf1 Nh5 32. Nh1 Re6 33. Rd7 hxg3 34.
hxg3 Nf6 35. Rd8+ Kh7 36. Bg5 Ne7 37. Bxf6 Rxf6 38. Ke2 Re6+ 39. Kf2 Rf6 40.
Ke2 Re6+ 41. Kd2 Rf6 42. Ke2 Re6+ 1/2-1/2

[Event "Internet Section 06A g/8'+2\""]
[Site "Dos Hermanas"]
[Date "2004.03.06"]
[Round "1"]
[White "Delgado Ramirez, Neuris"]
[Black "Alejar, Paolo P"]
[Result "1-0"]
[WhiteElo "2541"]
[BlackElo "1980"]
[PlyCount "109"]
[EventDate "2004.03.06"]
[EventType "swiss (blitz)"]
[EventRounds "9"]
[EventCountry "ESP"]
[SourceTitle "CBM 099 Extra"]
[Source "ChessBase"]
[SourceDate "2004.05.04"]
[SourceVersion "1"]
[SourceVersionDate "2004.05.04"]
[SourceQuality "1"]

1. e4 e6 2. d4 d5 3. Nd2 c5 4. Ngf3 Nc6 5. Bb5 Nf6 6. exd5 exd5 7. O-O h6 8.
Re1+ Be6 9. c3 Bd6 10. Qa4 Qc7 11. dxc5 Bxc5 12. Nb3 Bd6 13. Nbd4 O-O 14. Bxc6
bxc6 15. Qxc6 Qxc6 16. Nxc6 Bd7 17. Ncd4 Rab8 18. Nb3 Rfd8 19. Be3 a5 20. Re2
a4 21. Nbd4 Rb7 22. b3 Rc8 23. Rc1 Ba3 24. Rcc2 Rbc7 25. h3 Rxc3 26. Rxc3 Rxc3
27. Nc2 Bd6 28. Bd4 Rd3 29. Rd2 Rxd2 30. Nxd2 axb3 31. axb3 Ne8 32. Ne3 Nc7 33.
Nf3 f6 34. Kf1 Kf7 35. Ke2 Bb4 36. Nc2 Bd6 37. Kd2 Bb5 38. Kc3 Na6 39. Ne3 Ke6
40. Nc2 Bf1 41. Nfe1 Be5 42. b4 Kd6 43. h4 Nc7 44. Na3 Nb5+ 45. Nxb5+ Bxb5 46.
g3 g5 47. hxg5 hxg5 48. Nc2 g4 49. Ne3 Be2 50. Nf5+ Kc6 51. Ne3 Bb5 52. Nxg4
Bc4 53. Bxe5 fxe5 54. Nxe5+ Kb5 55. Nxc4 1-0

[Event "Internet Section 06A g/8'+2\""]
[Site "Dos Hermanas"]
[Date "2004.03.06"]
[Round "2"]
[White "Mileto, Gabriele"]
[Black "Delgado Ramirez, Neuris"]
[Result "0-1"]
[WhiteElo "2222"]
[BlackElo "2541"]
[PlyCount "144"]
[EventDate "2004.03.06"]
[EventType "swiss (blitz)"]
[EventRounds "9"]
[EventCountry "ESP"]
[SourceTitle "CBM 099 Extra"]
[Source "ChessBase"]
[SourceDate "2004.05.04"]
[SourceVersion "1"]
[SourceVersionDate "2004.05.04"]
[SourceQuality "1"]

1. e4 c5 2. Nf3 d6 3. d4 cxd4 4. Nxd4 Nf6 5. Nc3 a6 6. Be2 e5 7. Nb3 Be7 8. O-O
O-O 9. Kh1 b6 10. Bg5 Nbd7 11. Nd5 Bb7 12. Nxe7+ Qxe7 13. f3 h6 14. Bh4 Qe6 15.
Qe1 d5 16. exd5 Bxd5 17. Rd1 Rfc8 18. Bd3 a5 19. Bxf6 Nxf6 20. Qe2 a4 21. Nd2
Bxa2 22. Ra1 Bd5 23. Rfe1 Re8 24. Bb5 Bc6 25. Bxc6 Qxc6 26. Qc4 Rec8 27. Qxc6
Rxc6 28. c3 Ra5 29. Ne4 Nxe4 30. Rxe4 Rb5 31. h3 Rxb2 32. Raxa4 Rxc3 33. Rxe5
Rc1+ 34. Kh2 Rcc2 35. Rg4 g6 36. h4 h5 37. Rg3 Kg7 38. f4 Rc4 39. Rf3 b5 40.
Kh3 Rbb4 41. g3 Rb2 42. f5 Rcc2 43. g4 Rh2+ 44. Kg3 Rbg2+ 45. Kf4 Rxg4+ 46. Ke3
Rhxh4 47. fxg6 fxg6 48. Rxb5 Re4+ 49. Kf2 Rhf4 50. Rxf4 Rxf4+ 51. Kg3 Rf5 52.
Rb6 Kh6 53. Kh4 Ra5 54. Rc6 Ra4+ 55. Kg3 h4+ 56. Kh3 Kh5 57. Rc5+ g5 58. Rb5
Ra3+ 59. Kg2 h3+ 60. Kh2 Kh4 61. Rb4+ g4 62. Rc4 Rf3 63. Rb4 Rf2+ 64. Kg1 Re2
65. Rc4 Kg3 66. Rc3+ Kf4 67. Rc4+ Re4 68. Rc3 g3 69. Rc1 Kf3 70. Rc3+ Re3 71.
Rc1 Rd3 72. Kh1 Ke2 0-1

[Event "Internet Section 06B g/8'+2\""]
[Site "Dos Hermanas"]
[Date "2004.03.06"]
[Round "1"]
[White "Can, Ilhan"]
[Black "Delgado Ramirez, Neuris"]
[Result "0-1"]
[WhiteElo "2018"]
[BlackElo "2541"]
[PlyCount "72"]
[EventDate "2004.03.06"]
[EventType "swiss (blitz)"]
[EventRounds "9"]
[EventCountry "ESP"]
[SourceTitle "CBM 099 Extra"]
[Source "ChessBase"]
[SourceDate "2004.05.04"]
[SourceVersion "1"]
[SourceVersionDate "2004.05.04"]
[SourceQuality "1"]

1. e4 c5 2. Nf3 d6 3. d4 cxd4 4. Nxd4 Nf6 5. Nc3 a6 6. Be3 e5 7. Nb3 Be7 8. f3
O-O 9. Qd2 Be6 10. g4 d5 11. exd5 Nxd5 12. Nxd5 Bxd5 13. Be2 Bh4+ 14. Kd1 Nc6
15. c3 Qc7 16. Kc2 Rfd8 17. Qc1 Nb4+ 18. Kb1 Nc6 19. Bg5 Bxg5 20. Qxg5 a5 21.
Nd2 a4 22. Ne4 Bxe4+ 23. fxe4 a3 24. b3 Rd7 25. Bc4 Rad8 26. Bd5 Ne7 27. c4 b5
28. Rf1 Nxd5 29. exd5 bxc4 30. Rc1 Rxd5 31. Rxc4 Qd7 32. Kc2 Rd2+ 33. Kc3 Qd3+
34. Kb4 Rb8+ 35. Kxa3 Rxa2+ 36. Kxa2 Qxb3# 0-1

[Event "Internet Section 06B g/8'+2\""]
[Site "Dos Hermanas"]
[Date "2004.03.06"]
[Round "2"]
[White "Delgado Ramirez, Neuris"]
[Black "Freile Martin, Javier"]
[Result "0-1"]
[WhiteElo "2541"]
[BlackElo "2313"]
[PlyCount "120"]
[EventDate "2004.03.06"]
[EventType "swiss (blitz)"]
[EventRounds "9"]
[EventCountry "ESP"]
[SourceTitle "CBM 099 Extra"]
[Source "ChessBase"]
[SourceDate "2004.05.04"]
[SourceVersion "1"]
[SourceVersionDate "2004.05.04"]
[SourceQuality "1"]

1. e4 c5 2. Nf3 e6 3. b3 b6 4. Bd3 Bb7 5. O-O Nf6 6. e5 Nd5 7. Re1 Nc6 8. Be4
Nf4 9. d4 Ng6 10. d5 exd5 11. Bxd5 Be7 12. c4 O-O 13. Nc3 d6 14. exd6 Bxd6 15.
Bg5 Qb8 16. Ne4 Bf4 17. g3 Be5 18. Nxe5 Ncxe5 19. f4 Nc6 20. Qh5 Nd4 21. f5
Bxd5 22. cxd5 Ne5 23. Nf6+ gxf6 24. Bxf6 Re8 25. Kf1 Qd6 26. Qg5+ Ng6 27. fxg6
fxg6 28. Be7 Qd7 29. Kg2 Nf5 30. d6 Qc6+ 31. Kg1 Nd4 32. Qf6 Rf8 33. Bxf8 Rxf8
34. Qxf8+ Kxf8 35. Rf1+ Kg7 36. Rae1 Qxd6 37. Re3 Nf5 38. Re2 Qd4+ 39. Rff2 h5
40. Kg2 b5 41. h3 c4 42. bxc4 bxc4 43. Kh2 c3 44. Rf3 Qd1 45. Rff2 a5 46. g4
hxg4 47. hxg4 Qd6+ 48. Kg1 Nd4 49. Re3 c2 50. Rc3 Qb4 51. Rc7+ Kh6 52. Kg2 Kg5
53. a3 Qe1 54. Rc5+ Kh4 55. g5 c1=Q 56. Rxc1 Qxc1 57. a4 Qxg5+ 58. Kh2 Qg3+ 59.
Kh1 Nf3 60. Rg2 Qe1+ 0-1

[Event "Internet Section 06B g/8'+2\""]
[Site "Dos Hermanas"]
[Date "2004.03.06"]
[Round "3"]
[White "Muniz, Elias Cardoso"]
[Black "Delgado Ramirez, Neuris"]
[Result "0-1"]
[WhiteElo "2141"]
[BlackElo "2541"]
[PlyCount "48"]
[EventDate "2004.03.06"]
[EventType "swiss (blitz)"]
[EventRounds "9"]
[EventCountry "ESP"]
[SourceTitle "CBM 099 Extra"]
[Source "ChessBase"]
[SourceDate "2004.05.04"]
[SourceVersion "1"]
[SourceVersionDate "2004.05.04"]
[SourceQuality "1"]

1. e4 c5 2. Nf3 d6 3. b3 Nf6 4. d3 Nc6 5. Bb2 e5 6. g3 Be7 7. Bg2 Bg4 8. h3 Be6
9. Nc3 h6 10. Qd2 a6 11. a3 b5 12. a4 Rb8 13. axb5 axb5 14. O-O Qd7 15. Kh2 O-O
16. Ne2 b4 17. Nh4 Ne8 18. f4 Bxh4 19. gxh4 f6 20. Bf3 Kh7 21. Bh5 Nc7 22. Rg1
Ra8 23. f5 Bf7 24. Raf1 Bxh5 0-1

[Event "Internet Section 06B g/8'+2\""]
[Site "Dos Hermanas"]
[Date "2004.03.06"]
[Round "4"]
[White "Delgado Ramirez, Neuris"]
[Black "Materazzi, Zdenko"]
[Result "0-1"]
[WhiteElo "2541"]
[BlackElo "2196"]
[PlyCount "68"]
[EventDate "2004.03.06"]
[EventType "swiss (blitz)"]
[EventRounds "9"]
[EventCountry "ESP"]
[SourceTitle "CBM 099 Extra"]
[Source "ChessBase"]
[SourceDate "2004.05.04"]
[SourceVersion "1"]
[SourceVersionDate "2004.05.04"]
[SourceQuality "1"]

1. e4 e5 2. Nf3 d6 3. d4 Nf6 4. Nc3 Nbd7 5. Bc4 Be7 6. O-O c6 7. a4 Qc7 8. h3
h6 9. Qe2 Nf8 10. d5 g5 11. dxc6 bxc6 12. Nh2 Ng6 13. b4 Nf4 14. Bxf4 gxf4 15.
b5 Rg8 16. Kh1 Bd7 17. bxc6 Bxc6 18. Bb5 Kf8 19. Nd5 Nxd5 20. Bxc6 Qxc6 21.
exd5 Qxd5 22. Nf3 Kg7 23. c4 Qe6 24. Rfe1 Kh8 25. Rad1 Rac8 26. Rd5 Qg6 27. Qf1
e4 28. Nd2 f5 29. Rb1 Rc7 30. a5 Bh4 31. Rb3 Rcg7 32. g3 fxg3 33. fxg3 Bxg3 34.
Rxf5 Bf4 0-1

[Event "Internet Section 06B g/8'+2\""]
[Site "Dos Hermanas"]
[Date "2004.03.06"]
[Round "5"]
[White "Sega, Carlos Alberto"]
[Black "Delgado Ramirez, Neuris"]
[Result "0-1"]
[WhiteElo "2323"]
[BlackElo "2541"]
[PlyCount "74"]
[EventDate "2004.03.06"]
[EventType "swiss (blitz)"]
[EventRounds "9"]
[EventCountry "ESP"]
[SourceTitle "CBM 099 Extra"]
[Source "ChessBase"]
[SourceDate "2004.05.04"]
[SourceVersion "1"]
[SourceVersionDate "2004.05.04"]
[SourceQuality "1"]

1. c4 e5 2. Nc3 Bb4 3. g3 Bxc3 4. bxc3 d6 5. Bg2 Ne7 6. d3 O-O 7. Nh3 h6 8. O-O
Nbc6 9. f4 Be6 10. Rb1 Rb8 11. Nf2 exf4 12. Bxf4 d5 13. cxd5 Bxd5 14. e4 Bxa2
15. Rb2 Be6 16. d4 Bc4 17. Re1 Ng6 18. Be3 a5 19. e5 Qd7 20. Ne4 b6 21. Bxh6
Ncxe5 22. Bxg7 Kxg7 23. Nf6 Kxf6 24. dxe5+ Ke7 25. Rd2 Qe6 26. Qh5 Rfd8 27. Rf2
Qd7 28. Bh3 Qd5 29. Qg5+ Ke8 30. Bg2 Qc5 31. h4 Nf8 32. h5 Rd3 33. h6 Rbd8 34.
Qf4 Rd2 35. h7 Rxf2 36. Qxf2 Qxf2+ 37. Kxf2 Nxh7 0-1

[Event "Internet Section 06B g/8'+2\""]
[Site "Dos Hermanas"]
[Date "2004.03.06"]
[Round "6"]
[White "Delgado Ramirez, Neuris"]
[Black "Ardovsky, Philip"]
[Result "1-0"]
[WhiteElo "2541"]
[BlackElo "2061"]
[PlyCount "67"]
[EventDate "2004.03.06"]
[EventType "swiss (blitz)"]
[EventRounds "9"]
[EventCountry "ESP"]
[SourceTitle "CBM 099 Extra"]
[Source "ChessBase"]
[SourceDate "2004.05.04"]
[SourceVersion "1"]
[SourceVersionDate "2004.05.04"]
[SourceQuality "1"]

1. e4 c5 2. Nf3 d6 3. Bb5+ Bd7 4. c4 a6 5. Bxd7+ Qxd7 6. Nc3 Nf6 7. d4 cxd4 8.
Nxd4 g6 9. O-O Bg7 10. f3 O-O 11. Be3 Nc6 12. a4 Rac8 13. Nde2 Ne5 14. b3 Nc6
15. Rb1 Rfd8 16. Qd2 Ne5 17. Rfd1 Qe6 18. Kh1 Nfd7 19. Nf4 Qf6 20. Ncd5 Qh4 21.
Bf2 Qg5 22. h4 Qh6 23. Nxe7+ Kh8 24. Nxc8 Rxc8 25. Nd5 g5 26. Qxg5 Qe6 27. Nf4
Qe8 28. Nh5 Ng6 29. Nxg7 Kxg7 30. h5 h6 31. Qg3 Nde5 32. hxg6 fxg6 33. Rxd6 g5
34. Bd4 1-0

[Event "Internet Section 06B g/8'+2\""]
[Site "Dos Hermanas"]
[Date "2004.03.06"]
[Round "7"]
[White "Li, Shilong"]
[Black "Delgado Ramirez, Neuris"]
[Result "1-0"]
[WhiteElo "2522"]
[BlackElo "2541"]
[PlyCount "89"]
[EventDate "2004.03.06"]
[EventType "swiss (blitz)"]
[EventRounds "9"]
[EventCountry "ESP"]
[SourceTitle "CBM 099 Extra"]
[Source "ChessBase"]
[SourceDate "2004.05.04"]
[SourceVersion "1"]
[SourceVersionDate "2004.05.04"]
[SourceQuality "1"]

1. e4 c5 2. Nc3 d6 3. g3 Nc6 4. Bg2 g6 5. d3 Bg7 6. f4 e6 7. Nf3 Nge7 8. O-O
O-O 9. Bd2 Rb8 10. Rb1 b5 11. a3 a5 12. a4 b4 13. Nb5 Ba6 14. c4 bxc3 15. bxc3
Qd7 16. c4 Nb4 17. Qe2 Nec6 18. Kh1 Rfe8 19. Be3 Rbc8 20. Qd2 Qe7 21. Rbd1 d5
22. e5 d4 23. Bf2 Red8 24. Ng5 Na7 25. Ne4 Nxb5 26. axb5 Bb7 27. Ra1 Ra8 28.
Ra4 Qc7 29. Rfa1 Bxe4 30. Bxe4 Ra7 31. Be1 f5 32. exf6 Bxf6 33. Qe2 Kg7 34. Qg4
Qb6 35. Bd2 Rf8 36. h4 Kh8 37. h5 gxh5 38. Qxh5 Nc2 39. Bxa5 Qd6 40. R1a2 Ne3
41. Bd8 Rg7 42. Bxf6 Rxf6 43. Ra8+ Rf8 44. Rxf8+ Qxf8 45. Ra8 1-0

[Event "Internet Section 06B g/8'+2\""]
[Site "Dos Hermanas"]
[Date "2004.03.06"]
[Round "8"]
[White "Delgado Ramirez, Neuris"]
[Black "Ostrowski, Leszek"]
[Result "1/2-1/2"]
[WhiteElo "2541"]
[BlackElo "2354"]
[PlyCount "102"]
[EventDate "2004.03.06"]
[EventType "swiss (blitz)"]
[EventRounds "9"]
[EventCountry "ESP"]
[SourceTitle "CBM 099 Extra"]
[Source "ChessBase"]
[SourceDate "2004.05.04"]
[SourceVersion "1"]
[SourceVersionDate "2004.05.04"]
[SourceQuality "1"]

1. e4 c5 2. Nf3 e6 3. b3 Nc6 4. Bb2 d6 5. Bb5 Bd7 6. O-O Nf6 7. Re1 Be7 8. c4
e5 9. Nc3 O-O 10. d3 a6 11. Bxc6 bxc6 12. h3 g6 13. Bc1 Nh5 14. Bh6 Re8 15. a3
a5 16. Rb1 Rb8 17. Rb2 Bf8 18. Qd2 Bg7 19. Ne2 Rf8 20. Ng3 Nf4 21. Bxg7 Kxg7
22. Ne2 Ne6 23. b4 cxb4 24. axb4 axb4 25. Rxb4 c5 26. Rxb8 Qxb8 27. Nc3 Nf4 28.
Rb1 Qc8 29. Nd5 Nxd5 30. cxd5 f5 31. Rb6 fxe4 32. dxe4 Bxh3 33. Rxd6 Bxg2 34.
Nh4 Bxe4 35. Qg5 Bf5 36. Qe7+ Rf7 37. Qxe5+ Kg8 38. Rc6 Qd8 39. Nxf5 Qg5+ 40.
Qg3 Qxf5 41. Rxc5 h5 42. Rc6 g5 43. d6 h4 44. Qe3 Qg4+ 45. Kh2 h3 46. Qg3 Qf5
47. Rc7 Qxf2+ 48. Qxf2 Rxf2+ 49. Kxh3 Rd2 50. d7 Kf8 51. Kg4 Ke7 1/2-1/2

[Event "Internet Section 06B g/8'+2\""]
[Site "Dos Hermanas"]
[Date "2004.03.07"]
[Round "9"]
[White "Di Berardino, Diego Rafael"]
[Black "Delgado Ramirez, Neuris"]
[Result "1-0"]
[WhiteElo "2312"]
[BlackElo "2541"]
[PlyCount "69"]
[EventDate "2004.03.06"]
[EventType "swiss (blitz)"]
[EventRounds "9"]
[EventCountry "ESP"]
[SourceTitle "CBM 099 Extra"]
[Source "ChessBase"]
[SourceDate "2004.05.04"]
[SourceVersion "1"]
[SourceVersionDate "2004.05.04"]
[SourceQuality "1"]

1. e4 c5 2. Nf3 d6 3. d4 cxd4 4. Nxd4 Nf6 5. Nc3 a6 6. Bg5 e6 7. f4 Be7 8. Qf3
Qa5 9. O-O-O Bd7 10. Bc4 Nc6 11. Rhe1 Qc5 12. Nxc6 Bxc6 13. Bb3 O-O 14. Qg3 Nh5
15. Qg4 Bxg5 16. fxg5 g6 17. Rf1 a5 18. a4 b5 19. axb5 Bxb5 20. Nxb5 Qxb5 21.
Rf2 a4 22. Bxe6 fxe6 23. Qxe6+ Kh8 24. Rxf8+ Rxf8 25. Qxd6 Qxg5+ 26. Kb1 Qf6
27. Qb4 Re8 28. Qxa4 Qe5 29. Rd7 Nf6 30. Rf7 Nxe4 31. Qa7 Ng5 32. Rb7 Qxh2 33.
Re7 Rd8 34. b3 Qxg2 35. Qa1+ 1-0